| 000 | 00686cam a2200217 4500500 | ||
|---|---|---|---|
| 005 | 20260329001552.0 | ||
| 041 | _afre | ||
| 042 | _adc | ||
| 100 | 1 | 0 |
_aHroub, Khaled _eauthor |
| 700 | 1 | 0 |
_aLegros, Martin _eauthor |
| 245 | 0 | 0 | _aKhaled Hroub : « Une justification religieuse du compromis est devenue un impératif » |
| 260 | _c2008. | ||
| 500 | _a72 | ||
| 690 | _aConflit | ||
| 690 | _aIsraël | ||
| 690 | _aJérusalem | ||
| 690 | _aMoyen-Orient | ||
| 690 | _aPalestine | ||
| 786 | 0 | _nPhilosophie magazine | 17 | 3 | 2008-03-01 | p. 14-14 | 1951-1787 | |
| 856 | 4 | 1 | _uhttps://shs.cairn.info/magazine-philosophie-magazine-2008-3-page-14?lang=fr&redirect-ssocas=7080 |
| 999 |
_c1806621 _d1806621 |
||